[Event "SVK-ch U12"]
[Site "Tatralandia"]
[Date "2025.05.18"]
[Round "9"]
[White "Zilincan, Tomas"]
[Black "Skypala, Simon"]
[Result "1-0"]
[WhiteElo "1737"]
[BlackElo "1698"]
[PlyCount "157"]
[EventDate "2025.05.11"]
[EventType "swiss"]
[EventRounds "9"]
[EventCountry "SVK"]
[SourceTitle "CB21_2025"]
[SourceDate "2025.05.21"]
[SourceVersion "1"]
[SourceVersionDate "2025.05.21"]
[SourceQuality "1"]

1. d4 d5 2. e3 c5 3. b3 Nf6 4. Bb2 Bf5 5. Nf3 cxd4 6. exd4 a6 7. Bd3 Bxd3 8. Qxd3 Nc6 9. a3 e6 10. Nbd2 Bd6 11. 0-0 Qc7 12. c4 0-0 13. c5 Bf4 14. b4 Rfe8 15. Bc3 b5 16. Nb3 Ne4 17. Bb2 Ng5 18. Nxg5 Bxg5 19. Bc3 Bf6 20. a4 Qb7 21. Ra3 Ra7 22. Rfa1 Rea8 23. h3 g6 24. R3a2 Kg7 25. Nd2 h5 26. Nf3 Qc7 27. axb5 axb5 28. Rxa7 Nxa7 29. Ra5 Rb8 30. Bd2 Qb7 31. Qe3 Rh8 32. Qa3 Nc6 33. Ra6 Nxd4 34. Nxd4 Bxd4 35. Rb6 Qc7 36. Rxb5 Rc8 37. Ra5 Bf6 38. Ra6 Qb7 39. Rb6 Qd7 40. b5 Bd4 41. c6 Qd8 42. Rb7 Be5 43. Qe7 Qxe7 44. Rxe7 Rb8 45. c7 Bxc7 46. Rxc7 Rxb5 47. Kf1 d4 48. Ke2 e5 49. f3 Rb2 50. h4 Kf6 51. Kd3 Rb3+ 52. Ke4 Ke6 53. Rc6+ Kd7 54. Rf6 Rb2 55. Bg5 Rxg2 56. Kxe5 Re2+ 57. Kxd4 Re6 58. Rxf7+ Ke8 59. Rf6 Re1 60. Rxg6 Kf7 61. Rh6 Rf1 62. Ke4 Re1+ 63. Kf5 Ra1 64. Rxh5 Ra5+ 65. Kg4 Ra4+ 66. f4 Kg6 67. Rh6+ Kg7 68. h5 Rc4 69. Rd6 Rc7 70. h6+ Kh7 71. Re6 Kg8 72. Kf5 Rh7 73. Re8+ Kf7 74. Re7+ Kg8 75. Kg6 Rxe7 76. Bxe7 Kh8 77. f5 Kg8 78. h7+ Kh8 79. Bf6# 1-0

[Event "SVK-ch U12"]
[Site "Tatralandia"]
[Date "2025.05.13"]
[Round "4"]
[White "Zilincan, Tomas"]
[Black "Kopecny, Filip"]
[Result "1/2-1/2"]
[WhiteElo "1737"]
[BlackElo "2032"]
[PlyCount "25"]
[EventDate "2025.05.11"]
[EventType "swiss"]
[EventRounds "9"]
[EventCountry "SVK"]
[SourceTitle "CB21_2025"]
[SourceDate "2025.05.21"]
[SourceVersion "1"]
[SourceVersionDate "2025.05.21"]
[SourceQuality "1"]

1. d4 d5 2. e3 Nf6 3. Bd3 g6 4. Nf3 Bg7 5. 0-0 0-0 6. Nbd2 Nbd7 7. c4 c5 8. b3 b6 9. Bb2 Bb7 10. Rc1 Re8 11. Qc2 Rc8 12. Qb1 cxd4 13. exd4 1/2-1/2

[Event "SVK-ch U12"]
[Site "Tatralandia"]
[Date "2025.05.11"]
[Round "1"]
[White "Zilincan, Tomas"]
[Black "Mrekaj, Teo"]
[Result "1-0"]
[WhiteElo "1737"]
[BlackElo "1417"]
[PlyCount "47"]
[EventDate "2025.05.11"]
[EventType "swiss"]
[EventRounds "9"]
[EventCountry "SVK"]
[SourceTitle "CB21_2025"]
[SourceDate "2025.05.21"]
[SourceVersion "1"]
[SourceVersionDate "2025.05.21"]
[SourceQuality "1"]

1. Nf3 Nf6 2. d4 d5 3. Bf4 Bf5 4. e3 a6 5. Bd3 Bxd3 6. Qxd3 Nc6 7. 0-0 Nb4 8. Qb3 e6 9. a3 Nc6 10. Qxb7 Na5 11. Qxc7 Qxc7 12. Bxc7 Nc6 13. Nbd2 Rc8 14. Bg3 Be7 15. Rfc1 0-0 16. c4 dxc4 17. Nxc4 Na7 18. Nb6 Rb8 19. Bxb8 Rxb8 20. Nc4 Ne4 21. Ncd2 Nxd2 22. Nxd2 Rxb2 23. Rc7 Rxd2 24. Rxe7 1-0

[Event "SVK-chT U12 rapid"]
[Site "Poprad"]
[Date "2025.05.02"]
[Round "4.5"]
[White "Kluska, David"]
[Black "Zilincan, Tomas"]
[Result "1-0"]
[WhiteElo "1540"]
[BlackElo "1792"]
[PlyCount "23"]
[EventDate "2025.05.02"]
[EventType "team-swiss (rapid)"]
[EventRounds "7"]
[EventCountry "SVK"]
[SourceTitle "CB19_2025"]
[SourceDate "2025.05.07"]
[SourceVersion "1"]
[SourceVersionDate "2025.05.07"]
[SourceQuality "1"]

1. e4 e6 2. d4 d5 3. exd5 exd5 4. Bd3 Bd6 5. Ne2 Ne7 6. Bf4 c6 7. 0-0 0-0 8. Nd2 Bf5 9. Nf3 Nd7 10. Bxd6 Nf6 11. Bxe7 Qxe7 12. Bxf5 1-0

[Event "SVK-chT U12 rapid"]
[Site "Poprad"]
[Date "2025.05.02"]
[Round "1.9"]
[White "Zilincan, Tomas"]
[Black "Jusko, Filip"]
[Result "1-0"]
[WhiteElo "1792"]
[BlackElo "1462"]
[PlyCount "43"]
[EventDate "2025.05.02"]
[EventType "team-swiss (rapid)"]
[EventRounds "7"]
[EventCountry "SVK"]
[SourceTitle "CB19_2025"]
[SourceDate "2025.05.07"]
[SourceVersion "1"]
[SourceVersionDate "2025.05.07"]
[SourceQuality "1"]

1. Nf3 Nc6 2. d4 d5 3. Bf4 Nf6 4. e3 Bf5 5. Bb5 Bd7 6. 0-0 a6 7. Bxc6 Bxc6 8. Ne5 e6 9. c4 Bd6 10. Nxc6 bxc6 11. Bxd6 cxd6 12. Qa4 Qb6 13. Nc3 0-0 14. b3 dxc4 15. bxc4 Rfc8 16. Rab1 Qc7 17. Rb3 d5 18. c5 Ne4 19. Nxe4 dxe4 20. Rfb1 Rcb8 21. Qxc6 Rc8 22. Qxc7 1-0

[Event "Wch U10"]
[Site "Montesilvano"]
[Date "2024.11.15"]
[Round "1"]
[White "Kostyukovich, Ivan"]
[Black "Zilincan, Tomas"]
[Result "1-0"]
[WhiteElo "1489"]
[BlackElo "1778"]
[PlyCount "145"]
[EventDate "2024.11.15"]
[EventType "swiss"]
[EventRounds "11"]
[EventCountry "ITA"]
[SourceTitle "CB48_2024"]
[SourceDate "2024.11.28"]
[SourceVersion "1"]
[SourceVersionDate "2024.11.28"]
[SourceQuality "1"]

1. d4 e6 2. Bf4 d5 3. e3 c5 4. c3 Nf6 5. Nf3 Nc6 6. Bd3 Nh5 7. Bg3 Nxg3 8. hxg3 Bd7 9. Nbd2 Bd6 10. e4 Qb6 11. Qb3 c4 12. Qxb6 axb6 13. Bc2 b5 14. b4 Kd8 15. Ng5 Be8 16. exd5 exd5 17. a3 Ke7 18. f4 f6 19. Ngf3 Bf7 20. Kf2 h6 21. Rhe1+ Kd7 22. Bf5+ Kc7 23. Nf1 Ra7 24. Ra2 g6 25. Be6 Be8 26. Bxd5 Bd7 27. Be6 Bxb4 28. Bxd7 Kxd7 29. d5 Bxc3 30. dxc6+ bxc6 31. Re3 Ba5 32. Ke2 Bb6 33. Rd2+ Kc7 34. Re7+ Kb8 35. Rxa7 Kxa7 36. Rd6 Re8+ 37. Kd1 Bc5 38. Rxc6 Bxa3 39. Kc2 Re2+ 40. Kc3 Bb2+ 41. Kb4 c3 42. Kb3 Rxg2 43. Nd4 Kb7 44. Rc5 Rg1 45. Rxb5+ Ka6 46. Ne3 Rxg3 47. Nc4 c2+ 48. Kxb2 c1Q+ 49. Kxc1 Rc3+ 50. Kd2 Rxc4 51. Rd5 f5 52. Kd3 Rc7 53. Rd6+ Kb7 54. Rxg6 Kc8 55. Rxh6 Rf7 56. Rh5 Kd7 57. Rxf5 Rh7 58. Ke4 Rh1 59. Rd5+ Ke7 60. Nf5+ Kf6 61. Ne3 Rg1 62. f5 Ra1 63. Rd6+ Ke7 64. Re6+ Kf7 65. Ke5 Re1 66. Kd6 Ra1 67. Nd5 Rd1 68. Re7+ Kf8 69. f6 Rd2 70. Ke5 Re2+ 71. Kf5 Rf2+ 72. Nf4 Rf1 73. Ra7 1-0

[Event "SVK-ch U10"]
[Site "Tatralandia"]
[Date "2024.04.10"]
[Round "7"]
[White "Ostrozlik, Filip"]
[Black "Zilincan, Tomas"]
[Result "0-1"]
[WhiteElo "1320"]
[BlackElo "1733"]
[PlyCount "56"]
[EventDate "2024.04.05"]
[EventType "swiss"]
[EventRounds "9"]
[EventCountry "SVK"]
[SourceTitle "CBM 219 Extra"]
[Source "ChessBase"]
[SourceDate "2024.05.31"]
[SourceVersion "1"]
[SourceVersionDate "2024.05.31"]
[SourceQuality "1"]

1. e4 e6 2. d4 d5 3. exd5 exd5 4. c4 Nf6 5. Nc3 Bb4 6. Bd2 0-0 7. Nf3 Bg4 8. Be2 c6 9. h3 Bh5 10. Qb3 Qe7 11. Kf1 Bxc3 12. Bxc3 Re8 13. Re1 Qc7 14. g4 Bg6 15. g5 Nh5 16. cxd5 Nf4 17. Ba5 Qxa5 18. Qxb7 Qb6 19. Qxa8 Nxd5 20. Bc4 Rxe1+ 21. Kxe1 Nc7 22. Qxb8+ Qxb8 23. b3 Be4 24. Ke2 Nd5 25. Bxd5 cxd5 26. Re1 Qb5+ 27. Kd2 Qd3+ 28. Kc1 Qc2# 0-1

[Event "SVK-ch U10"]
[Site "Tatralandia"]
[Date "2024.04.08"]
[Round "5"]
[White "Karol, Timur"]
[Black "Zilincan, Tomas"]
[Result "0-1"]
[WhiteElo "1522"]
[BlackElo "1733"]
[PlyCount "56"]
[EventDate "2024.04.05"]
[EventType "swiss"]
[EventRounds "9"]
[EventCountry "SVK"]
[SourceTitle "CBM 219 Extra"]
[Source "ChessBase"]
[SourceDate "2024.05.31"]
[SourceVersion "1"]
[SourceVersionDate "2024.05.31"]
[SourceQuality "1"]

1. e4 e6 2. d4 d5 3. exd5 exd5 4. Nc3 c6 5. g3 g6 6. Bg2 Bg7 7. Be3 Nf6 8. Nge2 0-0 9. 0-0 Re8 10. Qd2 Nbd7 11. Rae1 Nb6 12. Bh6 Nc4 13. Qc1 Bxh6 14. Qxh6 Nxb2 15. Qc1 Nc4 16. Nf4 Bd7 17. Qb1 Nd2 18. Qxb7 Nxf1 19. Rxf1 Qb6 20. Qxb6 axb6 21. Rb1 b5 22. Rb4 Ra3 23. Rb3 Rea8 24. Kf1 b4 25. Nb1 Rxb3 26. cxb3 Rxa2 27. Ke1 Ra1 28. Kd2 Rxb1 0-1

[Event "SVK-ch U10"]
[Site "Tatralandia"]
[Date "2024.04.07"]
[Round "3"]
[White "Viglas, Richard"]
[Black "Zilincan, Tomas"]
[Result "0-1"]
[WhiteElo "1654"]
[BlackElo "1733"]
[PlyCount "58"]
[EventDate "2024.04.05"]
[EventType "swiss"]
[EventRounds "9"]
[EventCountry "SVK"]
[SourceTitle "CBM 219 Extra"]
[Source "ChessBase"]
[SourceDate "2024.05.31"]
[SourceVersion "1"]
[SourceVersionDate "2024.05.31"]
[SourceQuality "1"]

1. e4 e6 2. d4 d5 3. Nc3 Nf6 4. e5 Nfd7 5. f4 c5 6. Nf3 Nc6 7. Be3 Be7 8. Qd2 a6 9. dxc5 Bxc5 10. 0-0-0 b5 11. Bxc5 Nxc5 12. Nd4 Qc7 13. Nxc6 Qxc6 14. Qd4 Rb8 15. a3 Bd7 16. Be2 Rc8 17. Rd2 Qc7 18. Rhd1 Rb8 19. g3 a5 20. Bd3 b4 21. axb4 axb4 22. Nxd5 exd5 23. Qxd5 Be6 24. Qf3 Nb3+ 25. Kb1 Nxd2+ 26. Rxd2 0-0 27. Qh5 g6 28. Qh6 Ra8 29. Kc1 Ra1# 0-1

[Event "SVK-ch U10"]
[Site "Dudince"]
[Date "2023.04.22"]
[Round "8"]
[White "Zilincan, Tomas"]
[Black "Kovacik, Oliver1"]
[Result "0-1"]
[WhiteElo "1389"]
[BlackElo "1330"]
[PlyCount "76"]
[EventDate "2023.04.16"]
[EventType "swiss"]
[EventRounds "9"]
[EventCountry "SVK"]
[SourceTitle "CBM 213 Extra"]
[Source "ChessBase"]
[SourceDate "2023.05.31"]
[SourceVersion "1"]
[SourceVersionDate "2023.05.31"]
[SourceQuality "1"]

1. Nf3 d5 2. g3 Bf5 3. Bg2 e6 4. d4 c6 5. 0-0 Nf6 6. c4 Nbd7 7. b3 Be7 8. Nc3 h6 9. Bb2 0-0 10. Qd2 Rc8 11. Rac1 Bb4 12. a3 Bxc3 13. Qxc3 Qe7 14. Nd2 Nb6 15. c5 Nbd7 16. f3 Bh7 17. e4 Ne8 18. exd5 cxd5 19. Qa5 a6 20. f4 Nef6 21. Rce1 Bd3 22. Rf3 Bf5 23. Qc3 Ne4 24. Nxe4 Bxe4 25. Rfe3 Nf6 26. Qd2 b6 27. Bxe4 Nxe4 28. Rxe4 dxe4 29. cxb6 Qb7 30. b4 Qxb6 31. Rxe4 Rc4 32. Re5 Rd8 33. Qe2 Qc6 34. Rc5 Rxc5 35. bxc5 Rb8 36. Qc2 Qd5 37. Qd2 Qa2 38. Bc1 Qa1 0-1

[Event "SVK-ch U08"]
[Site "Stara Lubovna"]
[Date "2022.05.26"]
[Round "7"]
[White "Zilincan, Tomas"]
[Black "Ostrozlik, Filip"]
[Result "1-0"]
[WhiteElo "1000"]
[BlackElo "1000"]
[PlyCount "63"]
[EventDate "2022.05.21"]
[EventType "swiss"]
[EventRounds "9"]
[EventCountry "SVK"]
[SourceTitle "CBM 208 Extra"]
[Source "ChessBase"]
[SourceDate "2022.07.31"]
[SourceVersion "1"]
[SourceVersionDate "2022.07.31"]
[SourceQuality "1"]

1. d4 d5 2. Nf3 Nf6 3. Bf4 Bf5 4. e3 a6 5. Bd3 Ne4 6. 0-0 e6 7. c3 Bd6 8. Bxd6 cxd6 9. Qc2 Qf6 10. Nbd2 Qg6 11. Bxe4 dxe4 12. Nh4 Qg5 13. Nxf5 exf5 14. Qb3 b5 15. a4 bxa4 16. Qxa4+ Kd8 17. Qb4 d5 18. Qb7 Re8 19. Qxd5+ Kc8 20. Qxa8 Re6 21. Ra5 Rg6 22. g3 f4 23. Rxg5 Rxg5 24. exf4 Rg6 25. Qxe4 Nc6 26. Qe8+ Kc7 27. Qxf7+ Ne7 28. Qxe7+ Kc8 29. d5 Kb8 30. d6 Rxd6 31. Qxd6+ Kc8 32. c4 1-0